000 00413nam a2200157Ia 4500
008 230917s9999||||xx |||||||||||||| ||und||
020 _cPOU25
040 _e4422
_aMAIN
041 _aEnglish
082 _a332.452 C123S
100 _aCairncross, Alec
245 0 _aSterling in decline: the devalutions of 1931, 1949 and 1967
260 _aOxford
_bBasil Blackwell
_c1983
300 _avii, 261 p.
942 _cBK
999 _c51567
_d51567